Exhibition Design (Record no. 10790)

000 -LEADER
fixed length control field 00285nam a2200121 4500
003 - CONTROL NUMBER IDENTIFIER
control field OSt
005 - DATE AND TIME OF LATEST TRANSACTION
control field 20220907185139.0
008 - FIXED-LENGTH DATA ELEMENTS--GENERAL INFORMATION
fixed length control field 220907b ||||| |||| 00| 0 eng d
100 ## - MAIN ENTRY--PERSONAL NAME
Dates associated with a name Misha Black
245 ## - TITLE STATEMENT
Title Exhibition Design
260 ## - PUBLICATION, DISTRIBUTION, ETC. (IMPRINT)
Place of publication, distribution, etc London
Name of publisher, distributor, etc The Architectural press
942 ## - ADDED ENTRY ELEMENTS (KOHA)
Source of classification or shelving scheme
Holdings
Withdrawn status Lost status Source of classification or shelving scheme Damaged status Not for loan Permanent location Current location Date acquired Barcode Date last seen Price effective from Non-public note Koha item type Public note
          BMS College of Architecture, Design and Planning BMS College of Architecture, Design and Planning 2022-09-07 AR-DB466 2022-09-07 2022-09-07 Donated by Ar. K.V. Harsha Babu, Harsha Design Associates Donated Book Donated by Ar. K.V. Harsha Babu, Harsha Design Associates
Copyright © 2025, The Librarian, Library and Information Centre, BMSCA D&P, Bengaluru. All Rights Reserved
web counter

Powered by Koha